000 00594nam a22002057a 4500
005 20251108170919.0
008 250721s1997 xx 000 0 ara d
082 1 4 _a320.11/فنس
100 1 _aفنسنت، أندرو
245 1 0 _aنظريات الدولة /
264 1 _aبيروت :
_bدار الجيل،
_c1997.
300 _a280ص
650 1 7 _aالدولة
650 1 7 _aالأحكام السلطانية
650 1 7 _aالنظام السياسي
700 1 _aأبو شهيوه، مالك
_eترجمة
700 1 _aخلف، محمود
942 _2ddc
_cBK
999 _c51987
_d51987